Ποιοί είναι αυτόχθονες; : από τον καθαρόαιμο αρχαίο Αθηναίο στον ριζωμένο στη γη του Γάλλο

Αποθηκεύτηκε σε:
Λεπτομέρειες βιβλιογραφικής εγγραφής
Κύριος συγγραφέας: Detienne, Marcel
Άλλοι συγγραφείς: Μαρκέτου, Πελαγία (trlf)
Μορφή: Βιβλίο
Γλώσσα:Greek
French
Δημοσίευση: Αθήνα : Μεταίχμιο, 2003.
Σειρά:Φιλοσοφία - Κοινωνιολογία (Μεταίχμιο)
Θέματα:
Ετικέτες: Προσθήκη ετικέτας
Δεν υπάρχουν, Καταχωρήστε ετικέτα πρώτοι!

MARC

LEADER 00000cam a2200000 i 4500
001 1/43962
008 140307s2003 gr | ||| |||| ||gre||
020 |a 9603757977 
035 |l 10117035 
040 |a GR-MY-UA  |b gre  |e aacr 
041 1 |a gre  |h fre 
082 7 |a 305.8   |2 (22) 
100 1 |a Detienne, Marcel. 
245 1 0 |a Ποιοί είναι αυτόχθονες; :   |b από τον καθαρόαιμο αρχαίο Αθηναίο στον ριζωμένο στη γη του Γάλλο /   |c Marcel Detienne ; μετάφραση: Πελαγία Μαρκέτου.  
260 |a Αθήνα :   |b Μεταίχμιο,   |c 2003.  
300 |a 142 σ. ;   |c 24 εκ.  
490 1 |a (Φιλοσοφία - Κοινωνιολογία / Μεταίχμιο)  
500 |a Μετάφραση του: Comment etre autochtone, du pur Athenien au Francais racine.  
504 |a Περιλαμβάνει βιβλιογραφικές παραπομπές και ευρετήριο.  
650 0 0 |a Group identity. 
650 0 0 |a Identity (Psychology) 
650 0 0 |a National characteristics. 
650 0 0 |a National characteristics, Greek. 
700 1 |a Μαρκέτου, Πελαγία,  |e trlf 
830 0 |a Φιλοσοφία - Κοινωνιολογία (Μεταίχμιο) 
852 |a INST  |b LESVOS  |c EUDOXUS  |e 20140307  |h 305.8 DET  |p 005100053381  |q 005100053381  |t EDX  |y 0 
901 |a BIBL1-2014-1 
909 |a Λ  |b 186679 
920 |a ΕΥΔΟΞΟΣ  |b ΠΑΡΑΓΓΕΛΙΑ  |y Λέσβος-ΤΚΑΙ  |z 2013-12 
970 |a ΤΖΑΦΕΡΗ  |b ΕΥΑΓΓΕΛΙΑ  |z 2014/03/06